000
00306nam a22001217a 4500
082
_a
668.4 HER'F
100
_a
MANSON, JOHN A,HERTZBERY, RICHARD W
_9
74422
245
_a
FATIQUE OF ENGINEERING PLASTICS
260
_a
NEWYORK
_b
AP
_c
1980
300
_a
295P
650
_a
PLASTICS FATIQUE
_9
74423
942
_c
BK
999
_c
579956
_d
579956